<?xml version="1.0" encoding="UTF-8"?>
<collection xmlns="http://www.loc.gov/MARC21/slim">
 <record>
  <leader>01520nam a2200421   4500</leader>
  <controlfield tag="001">DLU100106408</controlfield>
  <controlfield tag="005">##20100415</controlfield>
  <controlfield tag="008">##050429s2003    njua     b    100 0 eng d</controlfield>
  <datafield tag="010" ind1="#" ind2="#">
   <subfield code="a">  2005297893</subfield>
  </datafield>
  <datafield tag="020" ind1="#" ind2="#">
   <subfield code="a">9812382623</subfield>
  </datafield>
  <datafield tag="035" ind1="#" ind2="#">
   <subfield code="a">(OCoLC)ocm52781103</subfield>
  </datafield>
  <datafield tag="040" ind1="#" ind2="#">
   <subfield code="a">PIT</subfield>
   <subfield code="c">PIT</subfield>
   <subfield code="d">OCLCQ</subfield>
   <subfield code="d">MUQ</subfield>
   <subfield code="d">DLC</subfield>
  </datafield>
  <datafield tag="042" ind1="#" ind2="#">
   <subfield code="a">lccopycat</subfield>
  </datafield>
  <datafield tag="050" ind1="#" ind2="#">
   <subfield code="a">QA321.5</subfield>
   <subfield code="b">.I36 2003</subfield>
  </datafield>
  <datafield tag="082" ind1="#" ind2="#">
   <subfield code="a">515.724 8</subfield>
   <subfield code="b">Top</subfield>
  </datafield>
  <datafield tag="111" ind1="#" ind2="#">
   <subfield code="a">ICM Satellite Conference on Nonlinear Functional Analysis</subfield>
   <subfield code="d">(2002 :</subfield>
   <subfield code="c">Taiyuan, Shanxi Sheng, China)</subfield>
  </datafield>
  <datafield tag="245" ind1="#" ind2="#">
   <subfield code="a">Topological methods, variational methods and their applications :</subfield>
   <subfield code="b">Taiyuan, Shan Xi, P.R. China, August 14-18, 2002 /</subfield>
   <subfield code="c">edited by H. Brezis ... [et al.].</subfield>
  </datafield>
  <datafield tag="246" ind1="#" ind2="#">
   <subfield code="i">At head of title:</subfield>
   <subfield code="a">ICM 2002 Satellite Conference on Nonlinear Functional Analysis</subfield>
  </datafield>
  <datafield tag="260" ind1="#" ind2="#">
   <subfield code="a">River Edge, N.J. :</subfield>
   <subfield code="b">World Scientific,</subfield>
   <subfield code="c">c2003.</subfield>
  </datafield>
  <datafield tag="300" ind1="#" ind2="#">
   <subfield code="a">xii, 287 p. :</subfield>
   <subfield code="b">ill. ;</subfield>
   <subfield code="c">24 cm.</subfield>
  </datafield>
  <datafield tag="504" ind1="#" ind2="#">
   <subfield code="a">Includes bibliographical references.</subfield>
  </datafield>
  <datafield tag="650" ind1="#" ind2="#">
   <subfield code="a">Nonlinear functional analysis</subfield>
   <subfield code="v">Congresses.</subfield>
  </datafield>
  <datafield tag="650" ind1="#" ind2="#">
   <subfield code="a">Nonlinear mechanics</subfield>
   <subfield code="v">Congresses.</subfield>
  </datafield>
  <datafield tag="650" ind1="#" ind2="#">
   <subfield code="a">Topological dynamics</subfield>
   <subfield code="v">Congresses.</subfield>
  </datafield>
  <datafield tag="650" ind1="#" ind2="#">
   <subfield code="a">Analyse fonctionnelle non linéaire</subfield>
   <subfield code="v">Congrès.</subfield>
  </datafield>
  <datafield tag="650" ind1="#" ind2="#">
   <subfield code="a">Dynamique topologique</subfield>
   <subfield code="v">Congrès.</subfield>
  </datafield>
  <datafield tag="650" ind1="#" ind2="#">
   <subfield code="a">Mécanique non linéaire</subfield>
   <subfield code="v">Congrès.</subfield>
  </datafield>
  <datafield tag="700" ind1="#" ind2="#">
   <subfield code="a">Brézis, H.</subfield>
   <subfield code="q">(Haim)</subfield>
  </datafield>
  <datafield tag="923" ind1="#" ind2="#">
   <subfield code="a">02/2010</subfield>
  </datafield>
  <datafield tag="992" ind1="#" ind2="#">
   <subfield code="a">11480</subfield>
  </datafield>
  <datafield tag="994" ind1="#" ind2="#">
   <subfield code="a">DLU</subfield>
  </datafield>
  <datafield tag="900" ind1="#" ind2="#">
   <subfield code="a">True</subfield>
  </datafield>
  <datafield tag="911" ind1="#" ind2="#">
   <subfield code="a">Đào Thị Thu Huyền</subfield>
  </datafield>
  <datafield tag="925" ind1="#" ind2="#">
   <subfield code="a">G</subfield>
  </datafield>
  <datafield tag="926" ind1="#" ind2="#">
   <subfield code="a">A</subfield>
  </datafield>
  <datafield tag="927" ind1="#" ind2="#">
   <subfield code="a">SH</subfield>
  </datafield>
  <datafield tag="980" ind1="#" ind2="#">
   <subfield code="a">Thư viện Trường Đại học Đà Lạt</subfield>
  </datafield>
 </record>
</collection>
